000
00230nam a22000857a 4500
008
160808b xxu||||| |||| 00| 0 eng d
100
_9
67
_a
Hindi Author...
245
_a
Hindi Story Book..
260
_a
New Delhi
_b
Rastogi Publication
_c
2006
999
_c
2719
_d
2719